000 00657nam a2200241Ia 4500
003 OSt
005 20220918174304.0
006 a|||||r|||| 00| 0
007 ta
008 220917b |||||||| |||| 00| 0 eng d
024 _a11,460
037 _cTextual
040 _aARTS
_cARTS
_beng
041 _2eng
_aeng
082 _aM95p1:N5, J7
100 _aCollins R B
_949874
245 0 _aHigh speed photography
_b proceedings
260 _aLondan
_bButter Worths Scientific Publication USA
_c1957
300 _a417p
_ccm.
650 _aINDUSTRIAL ARTS
942 _hM95p1:N5, J7
_cTEXL
_2CC
999 _c152559
_d152559